Мемории Совета народного просвещения в Царстве Польском за 1846 год

Доступно только в Электронных читальных залах Найти на картеНа карте
RUSMARC
00004009nmc2a2200000 x 450
0013757f723-7b31-481f-b7a4-f5e92b0a13a2
00520170426015147.0
100##$a20141013u########k l0rusy0189 ca
1010#$arus
102##$aRU
2001#$aМемории Совета народного просвещения в Царстве Польском за 1846 год
$j1846 г.
251##$cДело
300##$aДело
300##$aОриг. заголовок дела: Мемории о занятиях Совета народного просвещения в Царстве Польском за 1846 год
801#0$aRU
$bРГИА
$c20141013
$gRCR
801#1$aRU
$bГлавНИВЦ
$c20141013
$2rusmarc
801#2$aRU
$bПБ им. Б.Н. Ельцина
$c20170426
$gRCR
$2rusmarc
850##$aРГИА
852##$aРГИА
$eФедеральное казенное учреждение "Российский государственный исторический архив" (РГИА)
$j198
937##$hРГИА
$d11184555
$aASBIBLIO_SCAN
462#0$10015a39e5d3-dc69-4a86-ab96-9d2e08e41784
$12001
$aДела Департамента народного просвещения по Варшавскому учебному округу
$1251
$cОпись
$1852
$j77
461#0$1001a74412a3-3cc5-4d21-8f0a-dfe2fbd9e72d
$12001
$aДепартамент народного просвещения Министерства народного просвещения (1803-1917)
$1251
$cФонд
$1852
$j733
215##$a444 л.
$d36,5х26 см
371##$aДокумент не является опубликованным и широко распространяемым
105##$ay###
1222#$ad
5171#$aМемории о занятиях Совета народного просвещения в Царстве Польском за 1846 год.
035##$a3757f723-7b31-481f-b7a4-f5e92b0a13a2
856##$uhttp://readingroom.main.prlib.ru/item.aspx?id_node=n97665342&mode=full
Формат отображения